Random Countries in North America by Picture - Statistics

General Stats
  • This quiz has been taken 15 times
  • The average score is 9 of 15
Answer Stats
Picture Answer % Correct
United States
100%
Canada
92%
Cuba
83%
Panama
75%
Bahamas
67%
Dominica
67%
El Salvador
67%
Mexico
67%
Haiti
50%
Belize
42%
Grenada
42%
St. Kitts and Nevis
42%
Barbados
33%
Nicaragua
33%
Jamaica
25%
No matching quizzes found
Score Distribution
Percent of People with Each Score
Percentile by Number Answered
Your Score History
You have not taken this quiz